[Event "46th World U20 ch"]
[Site "Yerevan ARM"]
[Date "2007.10.13"]
[Round "10.30"]
[White "Gevorgian, David"]
[Black "Arun, Karthik Ravichandra"]
[Result "1-0"]
[WhiteElo "2141"]
[BlackElo "2391"]
[EventDate "2007.10.03"]
[PlyCount "55"]

1.g3 g6 2.Bg2 Bg7 3.Nf3 d6 4.d4 e5 5.O-O Nc6 6.dxe5 dxe5 7.Qxd8+ Nxd8 8.
Nc3 Bd7 9.a4 Nc6 10.Rd1 O-O-O 11.Ng5 Nh6 12.Nge4 Nd4 13.Bg5 f6 14.Nxf6 Nf7
15.Nxd7 Nxg5 16.Nc5 b6 17.N5e4 Nxc2 18.Nxg5 Nxa1 19.Rxa1 Rd2 20.Rb1 Rhd8 
21.Nge4 Rc2 22.Bh3+ Kb7 23.Be6 Rd4 24.Bb3 Rxc3 25.bxc3 Rd8 26.Kf1 c6 27.e3
Kc7 28.Ng5 1-0

[Event "46th World U20 ch"]
[Site "Yerevan ARM"]
[Date "2007.10.14"]
[Round "11.1"]
[White "Popov, Ivan"]
[Black "Grigorian, Avetik"]
[Result "1-0"]
[WhiteElo "2539"]
[BlackElo "2489"]
[EventDate "2007.10.03"]
[PlyCount "165"]

1.e4 e6 2.d4 d5 3.Nc3 Bb4 4.e5 Ne7 5.a3 Bxc3+ 6.bxc3 c5 7.Qg4 O-O 8.Bd3 
Nbc6 9.Bg5 Qa5 10.Ne2 Ng6 11.O-O Qa4 12.Qg3 cxd4 13.f4 Kh8 14.h4 Nge7 15.
Bxe7 Nxe7 16.cxd4 Bd7 17.Rfb1 Qc6 18.h5 f5 19.Qe1 Ng8 20.Qb4 Rab8 21.a4 
Qc8 22.Qa5 Nh6 23.Qxa7 Ng4 24.a5 Qd8 25.g3 Qe8 26.Kg2 Qxh5 27.Rh1 Ne3+ 28.
Kf2 Ng4+ 29.Kg1 Qe8 30.Qb6 Qe7 31.Nc1 Rfc8 32.Nb3 g5 33.Nc5 Bc6 34.Kf1 
Ne3+ 35.Kf2 Nc4 36.Qb4 Rg8 37.Be2 Ra8 38.Rh3 gxf4 39.gxf4 Rg7 40.Rah1 Rag8
41.Bf3 Qf7 42.Nb3 Rg6 43.Nc1 R6g7 44.Ne2 Qc7 45.Rh6 Qf7 46.Qe1 Be8 47.Ng1 
Nd2 48.Qxd2 Rxg1 49.Rxg1 Rxg1 50.Rxh7+ Kxh7 51.Kxg1 Qg7+ 52.Kf2 Qc7 53.Be2
Ba4 54.Bd3 Qd8 55.Ke3 Qh4 56.Qf2 Qd8 57.Qe1 Qe7 58.Qh1+ Kg7 59.Qg2+ Kf7 
60.Qg5 Qxg5 61.fxg5 Bc6 62.Kf4 Kg7 63.c4 Kg6 64.Be2 Bd7 65.Bf3 dxc4 66.
Bxb7 c3 67.Ke3 Bb5 68.a6 Kxg5 69.a7 f4+ 70.Kf3 c2 71.a8=Q c1=Q 72.Qg8+ Kh5
73.Qh7+ Kg5 74.Qg7+ Kh5 75.Qg4+ Kh6 76.Qxe6+ Kh7 77.Be4+ Kg7 78.Qf6+ Kg8 
79.Bd5+ Kh7 80.Qf7+ Kh6 81.Qf8+ Kg6 82.Be4+ Kh5 83.Qf5+ 1-0

[Event "46th World U20 ch"]
[Site "Yerevan ARM"]
[Date "2007.10.14"]
[Round "11.3"]
[White "Gupta, Abhijeet"]
[Black "Adly, Ahmed"]
[Result "0-1"]
[WhiteElo "2470"]
[BlackElo "2494"]
[EventDate "2007.10.03"]
[PlyCount "122"]

1.d4 d5 2.c4 e6 3.Nc3 Nf6 4.Bg5 Nbd7 5.e3 c6 6.cxd5 exd5 7.Bd3 Be7 8.Qc2 
O-O 9.Nf3 Re8 10.h3 Nf8 11.Bf4 Bd6 12.Bxd6 Qxd6 13.O-O-O Be6 14.Kb1 b5 15.
Rc1 Rac8 16.g4 N6d7 17.Ng5 h6 18.Nxe6 fxe6 19.g5 e5 20.Bf5 b4 21.Na4 hxg5 
22.h4 g6 23.Bxd7 Qxd7 24.Rcg1 exd4 25.Rxg5 dxe3 26.fxe3 Rxe3 27.Rhg1 Qe7 
28.Rc1 Re2 29.Qd3 Re3 30.Qc2 Re4 31.Qf2 Re8 32.Rgg1 Qxh4 33.Qxh4 Rxh4 34.
Rxc6 Rhe4 35.Rd6 Re1+ 36.Rxe1 Rxe1+ 37.Kc2 Re5 38.Nc5 a5 39.Rd8 Rf5 40.Ne6
Rf6 41.Nxf8 Rxf8 42.Rxd5 Rf5 43.Rd7 Rf2+ 44.Kb3 Rf7 45.Rd8+ Kg7 46.Kc4 Kh6
47.Kd3 Kg5 48.Ke3 Rf5 49.Rd6 Kh5 50.Ke4 Rf2 51.Rd5+ Kg4 52.Rxa5 Re2+ 53.
Kd5 Rxb2 54.Ke6 Rf2 55.Ra4 Rf4 56.a3 bxa3 57.Rxa3 g5 58.Ra1 Kh3 59.Ke5 Rf8
60.Ra3+ Kh4 61.Ke4 g4 0-1

[Event "46th World U20 ch"]
[Site "Yerevan ARM"]
[Date "2007.10.14"]
[Round "11.5"]
[White "Stellwagen, Daniel"]
[Black "Jojua, Davit"]
[Result "0-1"]
[WhiteElo "2639"]
[BlackElo "2434"]
[EventDate "2007.10.03"]
[PlyCount "78"]

1.e4 c5 2.Nf3 d6 3.d4 cxd4 4.Nxd4 Nf6 5.Nc3 Nc6 6.Bc4 e6 7.Be3 a6 8.Bb3 
Qc7 9.f4 Be7 10.O-O O-O 11.f5 Nxd4 12.Bxd4 b5 13.a3 Rb8 14.Qd3 b4 15.axb4 
Rxb4 16.fxe6 fxe6 17.Ne2 Bd7 18.Qh3 Qc8 19.Qc3 Qb7 20.Ng3 Kh8 21.Bxf6 gxf6
22.Nh5 Qb6+ 23.Kh1 Qc5 24.Qh3 Rxe4 25.Nf4 Rg8 26.Bxe6 Bxe6 27.Nxe6 Qe5 28.
Nc7 Re2 29.Rg1 Bd8 30.Nxa6 Bb6 31.Nb4 Bxg1 32.Rxg1 Qe4 33.Nd3 Rxc2 34.b4 
Rd2 35.Ne1 Rd1 36.Qh6 Qe5 37.Nf3 Rxg1+ 38.Nxg1 Qg5 39.Qh3 Qg4 0-1

[Event "46th World U20 ch"]
[Site "Yerevan ARM"]
[Date "2007.10.14"]
[Round "11.6"]
[White "Pashikian, Arman"]
[Black "Kulakov, Viacheslav"]
[Result "1-0"]
[WhiteElo "2534"]
[BlackElo "2261"]
[EventDate "2007.10.03"]
[PlyCount "45"]

1.d4 d5 2.Nf3 Nf6 3.c4 e6 4.g3 c6 5.Bg2 Nbd7 6.O-O Be7 7.Nbd2 O-O 8.Qc2 b6
9.e4 Nxe4 10.Nxe4 dxe4 11.Qxe4 Bb7 12.Rd1 Qc7 13.Bf4 Bd6 14.Bxd6 Qxd6 15.
c5 Nf6 16.Qc2 bxc5 17.dxc5 Qe7 18.Rac1 Nd5 19.Nd2 f5 20.Re1 Rad8 21.Nf3 
Kh8 22.Qa4 Nf6 23.Qh4 1-0

[Event "46th World U20 ch"]
[Site "Yerevan ARM"]
[Date "2007.10.14"]
[Round "11.11"]
[White "Romanov, Evgeny"]
[Black "Banusz, Tamas"]
[Result "1-0"]
[WhiteElo "2515"]
[BlackElo "2491"]
[EventDate "2007.10.03"]
[PlyCount "59"]

1.d4 d5 2.c4 c6 3.Nf3 Nf6 4.Nc3 dxc4 5.a4 e6 6.e3 c5 7.Bxc4 Nc6 8.O-O Be7 
9.Qe2 cxd4 10.Nxd4 Nxd4 11.exd4 O-O 12.Rd1 Nd5 13.Qe4 Nf6 14.Qf3 Qc7 15.b3
Bd7 16.Bf4 Qa5 17.d5 e5 18.Bxe5 Bg4 19.Qg3 Bxd1 20.Rxd1 Ne8 21.Ne4 Kh8 22.
d6 Bf6 23.Nxf6 Nxf6 24.Bxf6 gxf6 25.Qf3 Kg7 26.d7 Rab8 27.g3 h5 28.Rd5 
Qe1+ 29.Kg2 Rh8 30.Rg5+ 1-0

[Event "46th World U20 ch"]
[Site "Yerevan ARM"]
[Date "2007.10.14"]
[Round "11.13"]
[White "Deepan Chakravarthy, Jeyakumar"]
[Black "Brandenburg, Daan"]
[Result "1-0"]
[WhiteElo "2492"]
[BlackElo "2483"]
[EventDate "2007.10.03"]
[PlyCount "117"]

1.e4 c5 2.Nf3 d6 3.d4 cxd4 4.Nxd4 Nf6 5.Nc3 Nc6 6.Bg5 e6 7.Qd2 a6 8.O-O-O 
Bd7 9.f3 h6 10.Be3 b5 11.Nxc6 Bxc6 12.Ne2 Qc7 13.Nd4 Bb7 14.Bd3 e5 15.Nf5 
d5 16.exd5 Nxd5 17.Be4 O-O-O 18.Qf2 Nxe3 19.Rxd8+ Qxd8 20.Qxe3 Qg5 21.Rd1 
Bc5 22.Qxg5 hxg5 23.h3 g6 24.Bxb7+ Kxb7 25.Nd6+ Bxd6 26.Rxd6 Rc8 27.Rf6 
Rc7 28.b4 Rd7 29.c3 Ka7 30.Kc2 Kb7 31.a3 Ka7 32.Kb3 Kb7 33.a4 Ka7 34.c4 
Rd3+ 35.Kc2 Rd4 36.Rxf7+ Kb8 37.cxb5 Rxb4 38.bxa6 Rxa4 39.Kd3 Rxa6 40.Ke4 
Ra2 41.g4 Re2+ 42.Kd3 Rh2 43.Rg7 Rxh3 44.Ke4 Rh1 45.Kxe5 Rf1 46.Kf6 Rxf3+ 
47.Kxg5 Kc8 48.Re7 Kd8 49.Re4 Kd7 50.Kxg6 Kd6 51.g5 Rg3 52.Kh6 Kd5 53.Re1 
Rh3+ 54.Kg7 Rg3 55.g6 Kd6 56.Kh7 Rh3+ 57.Kg8 Rg3 58.g7 Rg2 59.Rh1 1-0

[Event "46th World U20 ch"]
[Site "Yerevan ARM"]
[Date "2007.10.14"]
[Round "11.14"]
[White "Llaneza Vega, Marcos"]
[Black "Khairullin, Ildar"]
[Result "1/2-1/2"]
[WhiteElo "2426"]
[BlackElo "2567"]
[EventDate "2007.10.03"]
[PlyCount "122"]

1.e4 e5 2.Nf3 Nc6 3.d4 exd4 4.Nxd4 Bc5 5.Nxc6 Qf6 6.Qf3 bxc6 7.Qg3 d6 8.
Bc4 h5 9.h4 Nh6 10.Nc3 Ng4 11.O-O O-O 12.Na4 Qd4 13.Qd3 Be6 14.Nxc5 Qxc5 
15.Bb3 a5 16.Be3 Nxe3 17.Qxe3 Qxe3 18.fxe3 Rfe8 19.Rf4 a4 20.Bxe6 Rxe6 21.
Rd1 c5 22.Kf2 Rae8 23.Kf3 f5 24.exf5 Rxe3+ 25.Kf2 Re2+ 26.Kg1 Rxc2 27.Rd3 
c4 28.Rg3 Kf7 29.Rg5 Ree2 30.Kh1 Rf2 31.Re4 Rfe2 32.Rf4 Rf2 33.Re4 d5 34.
Re3 Rf4 35.Rxh5 d4 36.Rg3 d3 37.Rh7 Kf6 38.Rg6+ Kxf5 39.Rgxg7 Rc1+ 40.Kh2 
d2 41.Rd7 d1=Q 42.Rhf7+ Ke4 43.Rfe7+ Kf5 44.Rf7+ Kg4 45.Rg7+ Kh5 46.Rh7+ 
Kg4 47.Rhg7+ Kxh4 48.Rxd1 Rxd1 49.g3+ Kh5 50.gxf4 Rb1 51.Kh3 Rxb2 52.Rxc7 
Rxa2 53.Rc5+ Kg6 54.Rxc4 Kf5 55.Kg3 a3 56.Kf3 Ra1 57.Rc5+ Ke6 58.Ra5 a2 
59.Kg2 Kf6 60.Kh2 Rf1 61.Rxa2 Rxf4 1/2-1/2

[Event "46th World U20 ch"]
[Site "Yerevan ARM"]
[Date "2007.10.14"]
[Round "11.15"]
[White "Amin, Bassem"]
[Black "Priborsky, Jan"]
[Result "1-0"]
[WhiteElo "2561"]
[BlackElo "2359"]
[EventDate "2007.10.03"]
[PlyCount "67"]

1.e4 e6 2.d3 d5 3.Nd2 Nf6 4.Ngf3 b6 5.e5 Nfd7 6.g3 c5 7.Bg2 Qc7 8.O-O Nxe5
9.Nxe5 Qxe5 10.Re1 Qd6 11.Nc4 Qd8 12.Qh5 Be7 13.Ne3 g6 14.Qe5 Bf6 15.Qf4 
Bg5 16.Qf3 Bxe3 17.Bxe3 O-O 18.d4 c4 19.Bh6 Re8 20.h4 Nd7 21.Bg5 Qc7 22.h5
Bb7 23.Qg4 f5 24.Qh4 Nf8 25.Bf3 gxh5 26.Bxh5 Ng6 27.Bxg6 hxg6 28.Kg2 Qh7 
29.Rh1 Qxh4 30.Rxh4 e5 31.Rah1 Bc6 32.Rh7 exd4 33.Bf6 Kf8 34.Rg7 1-0

[Event "46th World U20 ch"]
[Site "Yerevan ARM"]
[Date "2007.10.14"]
[Round "11.16"]
[White "Hambardzumian, Yuri"]
[Black "Ashwin, Jayaram"]
[Result "0-1"]
[WhiteElo "2387"]
[BlackElo "2478"]
[EventDate "2007.10.03"]
[PlyCount "146"]

1.e4 c5 2.Nf3 d6 3.d4 cxd4 4.Nxd4 Nf6 5.Nc3 a6 6.Bg5 e6 7.f4 Qb6 8.Qd2 Nc6
9.O-O-O Bd7 10.Nf3 Qc7 11.e5 dxe5 12.Nxe5 Nxe5 13.fxe5 Ng4 14.Qd4 Nxe5 15.
Bf4 f6 16.Bxe5 fxe5 17.Qg4 O-O-O 18.Bc4 h5 19.Qe2 Be7 20.Kb1 Kb8 21.Bb3 g6
22.Rd3 Bc8 23.Rg3 g5 24.Re1 g4 25.Re3 Bc5 26.Re4 Rhf8 27.Nd1 Rf5 28.c3 Bd7
29.Bc2 Bb5 30.c4 Bc6 31.Rxe5 Rxe5 32.Qxe5 Qxe5 33.Rxe5 Bd4 34.Re2 Bg1 35.
h3 g3 36.Nc3 Bd4 37.Ne4 h4 38.Ng5 e5 39.Be4 Rf8 40.Bxc6 bxc6 41.Kc2 Rf5 
42.Ne4 c5 43.b3 Kc7 44.Kd3 Kd7 45.Re1 Ke6 46.Rb1 a5 47.Rd1 Rf8 48.Ng5+ Kf5
49.Ne4 Rd8 50.Nd2 e4+ 51.Ke2 Ke5 52.Rf1 Bf2 53.Nb1 Rd3 54.Na3 a4 55.Rb1 
axb3 56.axb3 Be3 57.Nb5 Bg5 58.Rb2 Rd7 59.Nc3 Bc1 60.Rc2 Ba3 61.Ra2 Rd3 
62.Nb5 Bb4 63.Rb2 Kf4 64.Nc7 Re3+ 65.Kd1 Re1+ 66.Kc2 Rg1 67.Nd5+ Ke5 68.
Ne3 Re1 69.Nd5 Kd4 70.Nf4 e3 71.Rb1 Rxb1 72.Kxb1 Ke4 73.Ne2 Kd3 0-1

[Event "46th World U20 ch"]
[Site "Yerevan ARM"]
[Date "2007.10.14"]
[Round "11.17"]
[White "Khamrakulov, Dzhurabek"]
[Black "Margvelashvili, Giorgi"]
[Result "1/2-1/2"]
[WhiteElo "2359"]
[BlackElo "2451"]
[EventDate "2007.10.03"]
[PlyCount "116"]

1.e4 c6 2.d4 d5 3.Nd2 dxe4 4.Nxe4 Bf5 5.Ng3 Bg6 6.h4 h6 7.Nf3 e6 8.h5 Bh7 
9.Bd3 Bxd3 10.Qxd3 Nf6 11.Bd2 Be7 12.O-O-O Nbd7 13.Ne4 Nxe4 14.Qxe4 Nf6 
15.Qe2 Qd5 16.c4 Qe4 17.Be3 b5 18.Rh4 Qh7 19.Ne5 Rc8 20.c5 Nd5 21.Rg4 Bf6 
22.Bd2 O-O 23.Re1 Rfe8 24.Re4 Red8 25.g4 Bxe5 26.Rxe5 Ne7 27.Re4 Rd5 28.f4
Rcd8 29.Ba5 R8d7 30.f5 Nxf5 31.gxf5 Qxf5 32.Re5 Qf4+ 33.Kb1 Qxd4 34.Bc3 
Rxe5 35.Qxe5 Qxe5 36.Rxe5 Kf8 37.a4 a6 38.axb5 axb5 39.Re3 Rd5 40.Be5 f5 
41.b4 Kf7 42.Kc2 f4 43.Bxf4 Rxh5 44.Be5 Rf5 45.Kd3 g5 46.Ke4 Kg6 47.Rd3 
Rf1 48.Bb8 Re1+ 49.Kf3 Rf1+ 50.Kg2 Rf8 51.Bd6 Re8 52.Bh2 Kf5 53.Rd6 Rc8 
54.Rd7 h5 55.Rf7+ Kg4 56.Re7 Kf5 57.Rf7+ Kg4 58.Re7 Kf5 1/2-1/2

[Event "46th World U20 ch"]
[Site "Yerevan ARM"]
[Date "2007.10.14"]
[Round "11.18"]
[White "Bregadze, Levan"]
[Black "Kaplan, Sasha"]
[Result "1/2-1/2"]
[WhiteElo "2388"]
[BlackElo "2466"]
[EventDate "2007.10.03"]
[PlyCount "84"]

1.d4 Nf6 2.c4 c5 3.e3 g6 4.Nf3 Bg7 5.Nc3 O-O 6.Be2 cxd4 7.exd4 d5 8.O-O 
Nc6 9.Be3 dxc4 10.Bxc4 b6 11.a3 Bb7 12.Qe2 Rc8 13.Rac1 e6 14.Rfd1 Na5 15.
Ba2 Nd5 16.Bg5 Nxc3 17.Rxc3 Bxf3 18.Qd2 Qxd4 19.Qxd4 Bxd4 20.Rxd4 Rxc3 21.
bxc3 Bc6 22.Bf6 Rc8 23.h4 h5 24.Kh2 Bb5 25.g4 Bc4 26.Bb1 hxg4 27.Rxg4 Bd5 
28.Bd3 Kf8 29.h5 gxh5 30.Rg5 Ke8 31.Rxh5 Nc4 32.Rh8+ Kd7 33.Rxc8 Kxc8 34.
Bxc4 Bxc4 35.Kg3 Kd7 36.Kf4 Kc6 37.Ke4 Kb5 38.Kd4 Bf1 39.f4 Ka4 40.Be7 Kb3
41.Bd6 a5 42.Be7 Be2 1/2-1/2

[Event "46th World U20 ch"]
[Site "Yerevan ARM"]
[Date "2007.10.14"]
[Round "11.19"]
[White "Sanikidze, Tornike"]
[Black "Benidze, Davit"]
[Result "1/2-1/2"]
[WhiteElo "2455"]
[BlackElo "2365"]
[EventDate "2007.10.03"]
[PlyCount "20"]

1.Nf3 c5 2.c4 Nc6 3.g3 g6 4.Bg2 Bg7 5.O-O d6 6.Nc3 Nf6 7.d4 cxd4 8.Nxd4 
Nxd4 9.Qxd4 O-O 10.Qd2 a6 1/2-1/2

[Event "46th World U20 ch"]
[Site "Yerevan ARM"]
[Date "2007.10.14"]
[Round "11.20"]
[White "Hungaski, Robert"]
[Black "Kalashian, David"]
[Result "1/2-1/2"]
[WhiteElo "2432"]
[BlackElo "2361"]
[EventDate "2007.10.03"]
[PlyCount "170"]

1.d4 Nf6 2.c4 e6 3.Nf3 b6 4.g3 Ba6 5.Qc2 Bb4+ 6.Bd2 Be7 7.Bg2 c6 8.O-O O-O
9.Bf4 Nh5 10.Bxb8 Rxb8 11.Nbd2 Nf6 12.Rac1 c5 13.e4 d6 14.e5 Ne8 15.Rfd1 
Qc7 16.Ne4 h6 17.Rd2 Bb7 18.Rcd1 Rd8 19.dxc5 bxc5 20.Nc3 a6 21.Qa4 Qb6 22.
exd6 Rxd6 23.Ne5 Bxg2 24.Kxg2 Nf6 25.Rxd6 Bxd6 26.Nc6 Bc7 27.Rd2 Kh8 28.a3
Rc8 29.Ne7 Rd8 30.Rxd8+ Bxd8 31.Nc6 Qxb2 32.Nxd8 Qxc3 33.Nxf7+ Kg8 34.Nd6 
a5 35.Qc6 Qxa3 36.Nb7 Qb4 37.Qxe6+ Kh7 38.Qf5+ g6 39.Qf3 Kg7 40.Nd6 Qb6 
41.Qb7+ Qxb7+ 42.Nxb7 a4 43.Nxc5 a3 44.Nb3 Kf7 45.Kf3 Ke6 46.h3 a2 47.Ke3 
Ke5 48.f4+ Kd6 49.g4 Nd7 50.Kd4 Nc5 51.Na1 Ne6+ 52.Ke4 Kc5 53.f5 gxf5+ 54.
gxf5 Ng5+ 55.Kd3 Nxh3 56.Kc3 h5 57.Nb3+ Kd6 58.Kb2 h4 59.Nd2 Ng5 60.Kxa2 
h3 61.Nf1 Ke5 62.Kb2 Kxf5 63.c5 Ke4 64.c6 Ne6 65.Kc1 Kf3 66.Kd2 Kf2 67.Ne3
Nc7 68.Ng4+ Kg3 69.Ne3 Kf3 70.Nf1 Nd5 71.Ke1 Kg2 72.Ke2 Nc3+ 73.Ke1 Nd5 
74.Ke2 Nc3+ 75.Ke1 Nb5 76.Ne3+ Kf3 77.Nf1 Nc7 78.Nd2+ Kg2 79.Nf1 Ne6 80.
Ne3+ Kg3 81.Nf1+ Kf3 82.Nd2+ Kg2 83.Nf1 Kg1 84.Nd2 Kg2 85.Nf1 Nc7 1/2-1/2

[Event "46th World U20 ch"]
[Site "Yerevan ARM"]
[Date "2007.10.14"]
[Round "11.21"]
[White "Galic, Ivan"]
[Black "Bulski, Krzysztof"]
[Result "1/2-1/2"]
[WhiteElo "2255"]
[BlackElo "2421"]
[EventDate "2007.10.03"]
[PlyCount "59"]

1.c4 Nf6 2.Nc3 e6 3.e4 c5 4.e5 Ng8 5.Nf3 Nc6 6.d4 cxd4 7.Nxd4 d6 8.Nxc6 
bxc6 9.exd6 Bxd6 10.g3 Nf6 11.Bg2 Bb7 12.O-O O-O 13.Bg5 Be7 14.Qxd8 Rfxd8 
15.Rfd1 Kf8 16.Rxd8+ Rxd8 17.Be3 a6 18.Na4 Nd7 19.Rd1 Ke8 20.b3 Ba8 21.Kf1
g6 22.Ke2 e5 23.f4 f5 24.fxe5 Nxe5 25.Rxd8+ Kxd8 26.h3 Nd7 27.Nb6 Bb7 28.
Nxd7 Kxd7 29.h4 Kc7 30.Bf4+ 1/2-1/2

[Event "46th World U20 ch"]
[Site "Yerevan ARM"]
[Date "2007.10.14"]
[Round "11.22"]
[White "Ibarra Chami, Luis Fernando"]
[Black "Mamikonian, Tigran"]
[Result "1/2-1/2"]
[WhiteElo "2416"]
[BlackElo "2257"]
[EventDate "2007.10.03"]
[PlyCount "144"]

1.e4 c5 2.Nc3 d6 3.Nf3 Nf6 4.d4 cxd4 5.Nxd4 a6 6.Be3 e5 7.Nf3 Be7 8.Bc4 
O-O 9.Bb3 b5 10.Bd5 Nxd5 11.Qxd5 Qd7 12.Qxa8 Bb7 13.Qa7 Nc6 14.Qb6 Bd8 15.
Nxe5 dxe5 16.Rd1 Qxd1+ 17.Kxd1 Bxb6 18.Bxb6 f5 19.exf5 Nd4 20.Rg1 Rxf5 21.
f3 Ne6 22.Be3 b4 23.Ne4 Bxe4 24.fxe4 Rh5 25.Ke2 Rxh2 26.Kf3 Rh4 27.Rd1 Kf7
28.c4 bxc3 29.bxc3 Kf6 30.Rd6 a5 31.Bg5+ Kxg5 32.Rxe6 Rf4+ 33.Ke3 Rg4 34.
Rxe5+ Kh4 35.Kf2 Rf4+ 36.Kg1 a4 37.Re7 h5 38.Rxg7 Rxe4 39.Kf2 Rc4 40.g3+ 
Kh3 41.Rg5 Rxc3 42.Rxh5+ Kg4 43.Rh4+ Kf5 44.Rxa4 Rc2+ 45.Kf3 Rc3+ 46.Kg2 
Rc1 47.Ra8 Kg4 48.Rg8+ Kf5 49.a4 Ra1 50.Ra8 Kg4 51.Kf2 Ra3 52.a5 Kg5 53.
Kg2 Kg6 54.a6 Kg7 55.Kh3 Ra4 56.g4 Kh7 57.Kg3 Kg7 58.Kf3 Kh7 59.g5 Ra5 60.
Kg4 Kg6 61.Kf4 Kh7 62.Ke4 Rxg5 63.Rb8 Ra5 64.Rb6 Kg7 65.Kd4 Kf7 66.Kc4 Ke8
67.Kb4 Ra1 68.Kb5 Kd7 69.Rb7+ Kc8 70.Kb6 Rb1+ 71.Ka7 Rc1 72.Ka8 Rc2 
1/2-1/2

[Event "46th World U20 ch"]
[Site "Yerevan ARM"]
[Date "2007.10.14"]
[Round "11.23"]
[White "Simonian, Hrair"]
[Black "Pancevski, Filip"]
[Result "1/2-1/2"]
[WhiteElo "2405"]
[BlackElo "2340"]
[EventDate "2007.10.03"]
[PlyCount "109"]

1.e4 e5 2.Nf3 Nc6 3.Bb5 a6 4.Bxc6 dxc6 5.Nc3 f6 6.d4 exd4 7.Nxd4 c5 8.Nde2
Qxd1+ 9.Nxd1 Bd7 10.b3 O-O-O 11.Ne3 Bd6 12.Bb2 Ne7 13.f3 Nc6 14.Kf2 Be6 
15.h4 c4 16.h5 h6 17.Rhd1 Bc5 18.Nf4 Bf7 19.Ke2 cxb3 20.cxb3 Bd6 21.Ned5 
Nb4 22.g4 c6 23.Nxb4 Bxf4 24.Nd3 Bc7 25.Ne1 a5 26.Ng2 a4 27.bxa4 Rxd1 28.
Kxd1 Rd8+ 29.Kc2 Bc4 30.Rd1 Be2 31.Rxd8+ Kxd8 32.Nh4 Ke8 33.Bc3 b6 34.a3 
Kf7 35.Bd4 c5 36.Be3 Bd6 37.Kd2 Bc4 38.Nf5 Bf8 39.Bf4 Bb3 40.Bc7 Bxa4 41.
Bxb6 c4 42.Ne3 Bxa3 43.Nxc4 Bb4+ 44.Ke3 g6 45.Kf2 gxh5 46.gxh5 f5 47.Ne5+ 
Ke6 48.Nd3 Bd6 49.e5 Bb5 50.exd6 Bxd3 51.Bc5 f4 52.Kg2 Bf5 53.Ba3 Kf6 54.
Bb2+ Kg5 55.Be5 1/2-1/2

[Event "46th World U20 ch"]
[Site "Yerevan ARM"]
[Date "2007.10.14"]
[Round "11.24"]
[White "Nasri, Amin"]
[Black "Ter-Sahakyan, Samvel"]
[Result "0-1"]
[WhiteElo "2364"]
[BlackElo "2389"]
[EventDate "2007.10.03"]
[PlyCount "74"]

1.d4 d5 2.c4 c6 3.Nc3 Nf6 4.Nf3 dxc4 5.e3 b5 6.a4 b4 7.Nb1 e6 8.Bxc4 c5 9.
O-O Bb7 10.Qe2 Nbd7 11.Nbd2 Be7 12.b3 cxd4 13.Nxd4 O-O 14.Bb2 Nc5 15.Rfd1 
a6 16.Rac1 Qb6 17.Nf1 Rac8 18.Kh1 Rfd8 19.f3 Nd5 20.Ba1 Bg5 21.Qe1 h6 22.
Rc2 g6 23.e4 Nc3 24.Rxc3 bxc3 25.Bxc3 e5 26.Ne2 Nxb3 27.Bxb3 Qxb3 28.Rb1 
Qc2 29.Bxe5 Re8 30.Ba1 Rxe4 31.fxe4 Qxe4 32.Rxb7 Qxb7 33.h4 Be7 34.Nf4 Bd6
35.Nxg6 Qb4 36.Nd2 Qg4 37.Ne4 Qxe4 0-1

[Event "46th World U20 ch"]
[Site "Yerevan ARM"]
[Date "2007.10.14"]
[Round "11.27"]
[White "Nigalidze, Gaioz"]
[Black "Hovhannisian, Robert"]
[Result "1/2-1/2"]
[WhiteElo "2440"]
[BlackElo "2273"]
[EventDate "2007.10.03"]
[PlyCount "42"]

1.d4 d5 2.c4 c6 3.Nf3 Nf6 4.Nc3 e6 5.cxd5 exd5 6.Bg5 h6 7.Bh4 Bf5 8.e3 
Nbd7 9.Bd3 Bxd3 10.Qxd3 Bd6 11.O-O-O Qa5 12.e4 g5 13.e5 gxh4 14.exd6 O-O-O
15.Nxh4 Ne4 16.Nxe4 dxe4 17.Qh3 Qxa2 18.Rhe1 Kb8 19.Rxe4 Nf6 20.Re3 Qa1+ 
21.Kc2 Qa4+ 1/2-1/2

[Event "46th World U20 ch"]
[Site "Yerevan ARM"]
[Date "2007.10.14"]
[Round "11.28"]
[White "Hairapetian, Hovik"]
[Black "Garcia Cardenas, Pablo"]
[Result "1-0"]
[WhiteElo "2374"]
[BlackElo "2149"]
[EventDate "2007.10.03"]
[PlyCount "53"]

1.d4 Nf6 2.c4 e6 3.Nf3 d5 4.Nc3 Be7 5.Bg5 h6 6.Bh4 O-O 7.e3 b6 8.cxd5 exd5
9.Bd3 Be6 10.O-O c5 11.Ne5 Nfd7 12.Bxe7 Qxe7 13.f4 Nxe5 14.dxe5 f5 15.exf6
Qxf6 16.e4 Qd4+ 17.Kh1 c4 18.Bc2 Qc5 19.exd5 Bf7 20.Qg4 Be8 21.Rae1 Nd7 
22.Qe6+ Kh8 23.d6 Rd8 24.Ne4 Qd4 25.Ng5 Nc5 26.Qe5 Qxd6 27.Qxd6 1-0

[Event "46th World U20 ch"]
[Site "Yerevan ARM"]
[Date "2007.10.14"]
[Round "11.29"]
[White "Alaguzov, Maxat"]
[Black "Gevorgian, David"]
[Result "1/2-1/2"]
[WhiteElo "2358"]
[BlackElo "2141"]
[EventDate "2007.10.03"]
[PlyCount "112"]

1.e4 e5 2.Nf3 Nc6 3.Bb5 a6 4.Ba4 Nf6 5.O-O b5 6.Bb3 Be7 7.Re1 O-O 8.d4 d6 
9.c3 Bg4 10.Be3 exd4 11.cxd4 d5 12.exd5 Nxd5 13.Nc3 Ncb4 14.h3 Bh5 15.g4 
Bg6 16.Ne5 Nxe3 17.fxe3 c5 18.a3 c4 19.axb4 cxb3 20.Qxb3 Qd6 21.Nd5 Bf6 
22.e4 Bxe5 23.dxe5 Qxe5 24.Qc3 Qg5 25.Qe3 Qh4 26.Nf4 Rfe8 27.Nxg6 hxg6 28.
Rac1 Re7 29.Qf3 Rae8 30.Re3 Re6 31.Rc7 Qf6 32.Qxf6 gxf6 33.Rf3 R8e7 34.
Rxe7 Rxe7 35.Rxf6 Rxe4 36.Rxa6 Rxb4 37.Ra2 Kg7 38.g5 Rc4 39.Ra5 Rb4 40.Ra2
Kf8 41.Kg2 Rb3 42.h4 Ke7 43.Ra7+ Ke6 44.Rb7 Rxb2+ 45.Kf3 b4 46.Rb6+ Ke7 
47.Rb7+ Ke6 48.Rb6+ Ke5 49.Rf6 Rb1 50.Kg2 b3 51.Rxf7 Rc1 52.Rb7 Rc2+ 53.
Kg3 Rc3+ 54.Kg4 Rc4+ 55.Kg3 Rc3+ 56.Kg4 Rc4+ 1/2-1/2

[Event "46th World U20 ch"]
[Site "Yerevan ARM"]
[Date "2007.10.15"]
[Round "12.1"]
[White "Meier, Georg"]
[Black "Popov, Ivan"]
[Result "1/2-1/2"]
[WhiteElo "2558"]
[BlackElo "2539"]
[EventDate "2007.10.03"]
[PlyCount "54"]

1.e4 c5 2.Nf3 e6 3.d4 cxd4 4.Nxd4 Nf6 5.Nc3 Nc6 6.Nxc6 bxc6 7.e5 Nd5 8.Ne4
Bb7 9.Be2 c5 10.O-O Qc7 11.Nd6+ Bxd6 12.exd6 Qc6 13.f3 c4 14.Qd4 O-O 15.
Bxc4 Rfc8 16.b3 Qxd6 17.Rf2 Qb6 18.Bb2 Qxd4 19.Bxd4 Nb4 20.c3 d5 21.Bf1 
Nc6 22.Be3 a5 23.a4 Ne7 24.c4 Ba6 25.cxd5 Bxf1 26.Rfxf1 Nxd5 27.Bd2 Rc2 
1/2-1/2

[Event "46th World U20 ch"]
[Site "Yerevan ARM"]
[Date "2007.10.15"]
[Round "12.3"]
[White "Adly, Ahmed"]
[Black "Jojua, Davit"]
[Result "1-0"]
[WhiteElo "2494"]
[BlackElo "2434"]
[EventDate "2007.10.03"]
[PlyCount "73"]

1.Nf3 Nf6 2.g3 g6 3.Bg2 Bg7 4.d4 O-O 5.O-O d6 6.c4 Nbd7 7.Nc3 e5 8.Rb1 c6 
9.b4 Re8 10.dxe5 dxe5 11.c5 a5 12.b5 Bf8 13.bxc6 bxc6 14.Ng5 Nb8 15.Qb3 
Qe7 16.Nge4 Nxe4 17.Nxe4 Be6 18.Qa3 h6 19.Nd6 Rd8 20.Rb7 Rd7 21.Rb6 Rc7 
22.Rd1 Kh7 23.Be3 f5 24.Qb2 Nd7 25.Rxc6 Rb8 26.Qa3 Nf6 27.Qxa5 Ra7 28.Ra6 
Rxa6 29.Qxa6 e4 30.Bd4 Nd5 31.a3 Bg7 32.Bxg7 Kxg7 33.Qc4 Nf6 34.Qd4 Ra8 
35.g4 Rxa3 36.gxf5 Bxf5 37.c6 1-0

[Event "46th World U20 ch"]
[Site "Yerevan ARM"]
[Date "2007.10.15"]
[Round "12.4"]
[White "Andreikin, Dmitry"]
[Black "Grigorian, Avetik"]
[Result "1-0"]
[WhiteElo "2555"]
[BlackElo "2489"]
[EventDate "2007.10.03"]
[PlyCount "113"]

1.d4 e6 2.Nf3 f5 3.g3 Nf6 4.Bg2 d5 5.c4 c6 6.Bf4 Be7 7.Nc3 O-O 8.O-O Nh5 
9.Bd2 Nd7 10.Rb1 a5 11.a3 Nb6 12.Ne5 Nf6 13.Qb3 Nfd7 14.cxd5 Nxe5 15.dxe5 
cxd5 16.Rfd1 a4 17.Qa2 Bd7 18.Be3 Bc6 19.Rbc1 Kh8 20.Bd4 Nd7 21.e3 Qa5 22.
Ne2 Bb5 23.Nf4 Qa6 24.Rc7 Bd8 25.Nxe6 Qxe6 26.Bxd5 Qe8 27.Rxb7 Rb8 28.Rxb5
Rxb5 29.Bc6 Qh5 30.Qb1 Rxe5 31.Bxd7 Ra5 32.Bc3 Ra8 33.Rd5 Bf6 34.Rxf5 Qg6 
35.Qe4 Bxc3 36.Rxf8+ Rxf8 37.Qxg6 hxg6 38.bxc3 Ra8 39.c4 Kg8 40.Bc6 Ra7 
41.f4 Kf7 42.Kf2 g5 43.fxg5 Kg6 44.h4 Kf5 45.Kf3 Ra6 46.Bd7+ Ke5 47.Bb5 
Rd6 48.Bxa4 Ra6 49.Be8 Ra8 50.Bf7 Rxa3 51.h5 Ra7 52.g6 Kf6 53.Ke4 Re7+ 54.
Kf4 Re5 55.g4 Rg5 56.Bd5 Re5 57.e4 1-0

[Event "46th World U20 ch"]
[Site "Yerevan ARM"]
[Date "2007.10.15"]
[Round "12.8"]
[White "Ragger, Markus"]
[Black "Stellwagen, Daniel"]
[Result "0-1"]
[WhiteElo "2528"]
[BlackElo "2639"]
[EventDate "2007.10.03"]
[PlyCount "86"]

1.e4 e6 2.d4 d5 3.Nc3 Nf6 4.e5 Nfd7 5.f4 c5 6.Nf3 Nc6 7.Be3 cxd4 8.Nxd4 
Bc5 9.Qd2 O-O 10.O-O-O a6 11.Qf2 Bxd4 12.Bxd4 b5 13.Be3 b4 14.Na4 a5 15.h4
Ba6 16.h5 Qc7 17.h6 g6 18.Kb1 Bxf1 19.Rhxf1 f5 20.Rc1 Qb7 21.Rfd1 Rac8 22.
Rd3 Nd8 23.b3 Nf7 24.Qh4 Rc6 25.Bd4 Rfc8 26.Rd2 R8c7 27.g3 Qc8 28.Qh2 Qf8 
29.Rh1 Nd8 30.Qh4 Nb7 31.Rhh2 Rc8 32.Rd3 R8c7 33.Rdd2 Nb8 34.Rh1 Na6 35.
Qh2 Nac5 36.Nxc5 Nxc5 37.Bxc5 Rxc5 38.Qf2 Qc8 39.Rh2 a4 40.Qd4 axb3 41.
axb3 Qa6 42.Qxb4 Ra7 43.Qd4 Rc3 0-1

[Event "46th World U20 ch"]
[Site "Yerevan ARM"]
[Date "2007.10.15"]
[Round "12.10"]
[White "Deepan Chakravarthy, Jeyakumar"]
[Black "Amin, Bassem"]
[Result "0-1"]
[WhiteElo "2492"]
[BlackElo "2561"]
[EventDate "2007.10.03"]
[PlyCount "70"]

1.e4 e5 2.Nf3 Nc6 3.Bb5 a6 4.Ba4 Nf6 5.O-O Be7 6.Re1 b5 7.Bb3 O-O 8.c3 d6 
9.h3 Nb8 10.d4 Nbd7 11.Nbd2 Bb7 12.Bc2 Re8 13.Nf1 Bf8 14.Ng3 g6 15.b3 exd4
16.cxd4 c5 17.d5 Bg7 18.Bg5 Qc7 19.Qd2 c4 20.bxc4 bxc4 21.Qf4 Kh8 22.Nh4 
Ng8 23.Qxf7 Bxa1 24.e5 Bxd5 25.Qxd5 Bxe5 26.Bxg6 Ndf6 27.Qf3 Rf8 28.Bc2 
Rae8 29.Nh5 d5 30.g3 Ne4 31.Bxe4 Rxf3 32.Bxf3 Qf7 33.Kg2 d4 34.g4 d3 35.
Bc6 Bd4 0-1